<?xml version="1.0" encoding="UTF-8"?>
<marc:record xmlns:marc="http://www.loc.gov/MARC21/slim">
   <marc:leader>00000nam a2200000 a 4500</marc:leader>
   <marc:datafield ind1="1" ind2=" " tag="100">
      <marc:subfield code="a">Erkert, Andrea</marc:subfield>
      <marc:subfield code="4">aut</marc:subfield>
      <marc:subfield code="e">Verfasser/-in</marc:subfield>
   </marc:datafield>
   <marc:datafield ind1="0" ind2="0" tag="245">
      <marc:subfield code="a">Raus in den Wald</marc:subfield>
   </marc:datafield>
   <marc:datafield ind1="0" ind2="0" tag="245">
      <marc:subfield code="b">Spiele und Ideen rund um Wald und Wiese</marc:subfield>
   </marc:datafield>
   <marc:datafield ind1=" " ind2="1" tag="264">
      <marc:subfield code="b">Herder</marc:subfield>
      <marc:subfield code="c">2006</marc:subfield>
   </marc:datafield>
   <marc:datafield ind1="1" ind2=" " tag="520">
      <marc:subfield code="a">Naturmaterialien als Spielobjekte zuehen Kinder magisch an. Im Umgang damit spielen sie wesentlich ruhiger und entspannter als mit vorgefertigtem Spielzeug. Die Kinder entwickeln kreative Spielideen und motorische Fähigkeiten. Sie schärfen ihr Wahrnehmungsvermögen und erleben jahreszeitliche Veränderungen ganz bewusst. Die Achtsamkeit gegenüber der Natur wächst. Einen großen Fundus an Spiel-und Gestaltungsideen mit Naturmaterialien bietet dieses Buch.</marc:subfield>
   </marc:datafield>
   <marc:datafield ind1=" " ind2=" " tag="020">
      <marc:subfield code="a">9783451289293</marc:subfield>
      <marc:subfield code="9">9783451289293</marc:subfield>
   </marc:datafield>
</marc:record>
